000 00966nas a2200289Ia 4500
001 5
003 CO-MdFUSB
005 20170214110438.0
008 151030s9999 gt 000 0 s d
037 _bAsociación Latinoamericana de Instituciones de Educación Teológiaca
040 _aCO-MdFUSB
_bspa
_cCO-MdFUSB
_dCO-MdFUSB
_erda
041 0 _aeng
_hspa
245 1 0 _aBoletín ALIET
_cAsociación Latinoamericana de Instituciones de Educación Teológiaca
260 _aGuatemala
264 _aGuatemala
_bAsociación Latinoamericana de Instituciones de Educación Teológiaca
300 _aVolumen 1-5
_c21 cm.
310 _aNo aplica
_b1991
336 _2rdacontent
_a1
_ba1
337 _2rdamedia
_a2
_b5
338 _a2
362 _a1991-1999
546 _aTexto en español
650 _vPublicaciones seriadas
773 _dGuatemala, Asociación Latinoamericana de Instituciones de Educación Teológiaca
810 _hRevista
942 _cCR
_2ddc
999 _c49394
_d49394